000 00606 a2200193 4500
001 137969
020 _a9788530977979
040 _cLeonardo Da Vinci
041 _aPortuguês
082 _a346.07 M343c
_bM343c
100 _aMARTINS, Fran
245 _aCurso de direito comercial
250 _a41. ed
260 _bForense
_c2018
_aRio de Janeiro
362 _a20180000
500 _aEdição revista, atualizada e ampliada por Carlos Henrique Abrão
697 _aDireito comercial
_aEmpresa comercial
_aEmpresários
_aMicroempresas
_aSociedades empresárias
_aFundo de comércio
_aFIPEN
942 _cBK
999 _c137969
_d137969